Diagnosing organizational culture in national and intercultural context
Spolupráca a diagnostika organizačnej kultúry v medzinárodných organizáciách pôsobiacich na Slovensku. Porovnanie a konfrontácia rozdielov v organizačnej kultúre a v riadení ľudských zdrojov v medzinárodných manažérskych tímoch. Vzájomná komunikácia a konkurencieschopnosť v podnikoch s medzinárodnou...
Gespeichert in:
| 1. Verfasser: | |
|---|---|
| Weitere Verfasser: | |
| Format: | Buchkapitel |
| Sprache: | Englisch |
| Schlagworte: | |
| Tags: |
Keine Tags, Fügen Sie das erste Tag hinzu!
|
MARC
| LEADER | 00000naa a2200000 4500 | ||
|---|---|---|---|
| 001 | 0214971 | ||
| 005 | 20220719115029.2 | ||
| 041 | 0 | |a eng | |
| 044 | |a CZ | ||
| 245 | 1 | 0 | |a Diagnosing organizational culture in national and intercultural context |c Milota Vetráková, Lukáš Smerek |
| 520 | |a Spolupráca a diagnostika organizačnej kultúry v medzinárodných organizáciách pôsobiacich na Slovensku. Porovnanie a konfrontácia rozdielov v organizačnej kultúre a v riadení ľudských zdrojov v medzinárodných manažérskych tímoch. Vzájomná komunikácia a konkurencieschopnosť v podnikoch s medzinárodnou účasťou. | ||
| 610 | 2 | 0 | |a korporácie transnacionálne |
| 610 | 2 | 0 | |a spoločnosti nadnárodné |
| 610 | 2 | 0 | |a manažment medzinárodný |
| 610 | 2 | 0 | |a komunikácia manažérska |
| 610 | 2 | 0 | |a kultúra podniková |
| 610 | 2 | 0 | |a diagnostika podniková |
| 610 | 2 | 0 | |a komunikácia multikultúrna |
| 610 | 2 | 0 | |a riadenie ľudských zdrojov |
| 100 | 1 | |a Vetráková, Milota | |
| 700 | 1 | |a Smerek, Lukáš | |